CHEST RADIOLOGY PLAIN FILM PATTERNS (Record no. 14331)

MARC details
000 -LEADER
fixed length control field 00276nam a22001217a 4500
082 ## - DEWEY DECIMAL CLASSIFICATION NUMBER
Classification number 617.4820
Item number D08I
100 ## - MAIN ENTRY--PERSONAL NAME
Personal name REED,JAMES C
245 ## - TITLE STATEMENT
Title CHEST RADIOLOGY PLAIN FILM PATTERNS
250 ## - EDITION STATEMENT
Edition statement 6TH
260 ## - PUBLICATION, DISTRIBUTION, ETC. (IMPRINT)
Place of publication, distribution, etc PHILADELPHIA
Name of publisher, distributor, etc ELSEVIER
Year of Publication 2011
300 ## - PAGE DESCRIPTION
No. of Pages 455
942 ## - ADDED ENTRY ELEMENTS (KOHA)
Source of classification or shelving scheme Dewey Decimal Classification
Koha item type Books
Holdings
Withdrawn status Lost status Source of classification or shelving scheme Damaged status Not for loan Collection code Home library Current library Shelving location Date acquired Vendor Name SGTU Bill Number Total Checkouts Full call number Accession No. (Barcode) Date last seen Bill Date Koha item type
    Dewey Decimal Classification     MEDICAL SGT Medical Library SGT Medical Library Reference Book 28/12/2017 ABC DELHI SGTU 8707   617.4820 D08I FM9249 28/12/2017 08/07/2017 Books